[Event "Challenge"]
[Site "http://www.queenalice.com/game.php?id=1623108"]
[Date "2020.8.8"]
[Round "-"]
[White "Nikita"]
[Black "dejami"]
[Result "0-1"]
[WhiteElo "1450"]
[BlackElo "1698"]

1. d4 e6 2. Nf3 h6 3. h4 f6 4. Nc3 c6 5. e4 a6 6. d5 e5 7. dxc6 Nxc6 8. a4 Bb4
9. Bd2 Nge7 10. Nd5 Bc5 11. Nxe7 Qxe7 12. c3 Bb6 13. Bc4 Na5 14. b3 Ba7 15. b4
Nc6 16. b5 Nd8 17. bxa6 b6 18. a5 Qc5 19. Ra4 b5 20. Bxb5 Qxf2# 0-1

[Event "Challenge"]
[Site "http://www.queenalice.com/game.php?id=1623109"]
[Date "2020.8.8"]
[Round "-"]
[White "dejami"]
[Black "Nikita"]
[Result "1-0"]
[WhiteElo "1693"]
[BlackElo "1444"]

1. e4 e5 2. Bc4 d6 3. Qf3 Nf6 4. h3 g5 5. d3 g4 6. Qe2 gxh3 7. gxh3 Nc6 8. c3 h5
9. Bg5 Be6 10. Qf3 Be7 11. Be3 d5 12. Bb5 a6 13. Ba4 b5 14. Bc2 b4 15. Ba4 Bd7
16. Bb3 Be6 17. Ne2 dxe4 18. dxe4 bxc3 19. bxc3 Bxb3 20. axb3 Na5 21. Rxa5 c6
22. Rxe5 O-O 23. Rg5+ Kh8 24. Rxh5+ Nh7 25. Rxh7+ Kxh7 26. Qh5+ Kg8 27. Rg1+ Bg5
28. Bxg5 Re8 29. Bxd8+ Kf8 30. Qh8# 1-0

[Event "WWG1WGA"]
[Site "http://www.queenalice.com/game.php?id=1623333"]
[Date "2020.8.10"]
[Round "-"]
[White "Wigmont"]
[Black "Nikita"]
[Result "1-0"]
[WhiteElo "1625"]
[BlackElo "1438"]

1. e4 e5 2. d3 Nc6 3. Be2 Bb4+ 4. c3 Ba5 5. Nf3 d6 6. Na3 Bg4 7. h3 Bxf3 8. gxf3
Nf6 9. Be3 h5 10. f4 exf4 11. Bxf4 d5 12. Qa4 dxe4 13. d4 Nd5 14. Be5 f6 15. Bh2
a6 16. Nc4 b5 17. Qc2 bxc4 18. Qxe4+ Kf7 19. Rg1 Qg8 20. Qxd5+ Kf8 21. Qxc6 Rc8
22. Qxa6 Kf7 23. Bxc4+ Ke7 24. Bxg8 Rhxg8 25. Qxa5 Ra8 26. Qxc7+ Ke6 27. Kd2
Rac8 28. Rge1+ Kf5 29. Qd7+ Kg6 30. Rg1+ Kh6 31. Qf7 Rcf8 32. Qg6# 1-0

[Event "WWG1WGA"]
[Site "http://www.queenalice.com/game.php?id=1628201"]
[Date "2020.9.26"]
[Round "-"]
[White "Nikita"]
[Black "Wigmont"]
[Result "1-0"]
[WhiteElo "1429"]
[BlackElo "1622"]

1. d4 e6 2. Nf3 d5 3. Bg5 Qd6 4. Nc3 h6 5. Bh4 Nc6 6. Bg3 Qb4 7. a3 Qxb2 8. Na4
Qb5 9. Nc3 Nf6 10. Nxb5 Rb8 11. Nxc7+ Kd8 12. Na6 bxa6 13. Bxb8 Nxb8 14. Ne5 Ke8
15. Qb1 Bd6 16. h4 Nh5 17. g4 Nf4 18. e3 Ng6 19. Nxg6 fxg6 20. Bd3 Kf7 21. c3 e5
22. Bxg6+ Ke7 23. Bf5 Bb7 24. dxe5 Bxe5 25. Qxb7+ Kf6 26. Qxd5 Bxc3+ 27. Ke2 g6
28. Qd6+ Kg7 29. Qxg6+ Kf8 30. Rac1 Bb2 31. Rc8+ Ke7 32. Rc7+ Kd8 33. Qd6+ Nd7
34. Qxd7# 1-0

[Event "Challenge"]
[Site "http://www.queenalice.com/game.php?id=1630990"]
[Date "2020.10.27"]
[Round "-"]
[White "Nikita"]
[Black "dejami"]
[Result "1-0"]
[WhiteElo "1453"]
[BlackElo "1703"]

1. e4 e5 2. Nc3 c6 3. Bc4 Qf6 4. Nf3 b5 5. Bb3 a5 6. d3 h6 7. a4 b4 8. Ne2 g5 9.
c3 bxc3 10. bxc3 Na6 11. d4 d6 12. dxe5 dxe5 13. h4 g4 14. Nh2 h5 15. Bg5 Qg6
16. Qd8# 1-0

[Event "Challenge"]
[Site "http://www.queenalice.com/game.php?id=1630991"]
[Date "2020.10.27"]
[Round "-"]
[White "dejami"]
[Black "Nikita"]
[Result "1-0"]
[WhiteElo "1705"]
[BlackElo "1456"]

1. e4 e5 2. Qh5 d6 3. Bc4 Be6 4. Bxe6 Qe7 5. Bd5 g6 6. Qh3 Nd7 7. Bxb7 Rb8 8.
Bc6 Rd8 9. Nc3 f5 10. Nd5 Qf7 11. Nxc7+ Ke7 12. Nf3 Nb8 13. Bd5 Qf6 14. d3 Rc8
15. Bg5 Qxg5 16. Nxg5 Rxc7 17. Ne6 Rxc2 18. exf5 Nf6 19. Qh4 Nd7 20. fxg6 h6 21.
Bb3 Rc6 22. O-O Nc5 23. Nxc5 Rxc5 24. f4 e4 25. Rae1 Rh5 26. Qg3 d5 27. g7 Rg8
28. Qe3 Bxg7 29. Qxa7+ Nd7 30. dxe4 Bxb2 31. exd5+ Kd6 32. Re6# 1-0

[Event "Biden or Trump?"]
[Site "http://www.queenalice.com/game.php?id=1632667"]
[Date "2020.11.12"]
[Round "-"]
[White "Wigmont"]
[Black "Nikita"]
[Result "1-0"]
[WhiteElo "1577"]
[BlackElo "1450"]

1. e4 e5 2. b3 d6 3. h3 Nf6 4. c4 g5 5. d3 g4 6. g3 gxh3 7. Nxh3 Bxh3 8. Bxh3
Nc6 9. Bb2 a5 10. f4 exf4 11. Rg1 fxg3 12. Qf3 Nd4 13. Qxg3 Nc2+ 14. Ke2 Nxa1
15. Bxa1 a4 16. Nd2 Nh5 17. Qf3 Bh6 18. Bxh8 Ke7 19. Rf1 Ng3+ 20. Qxg3 Qxh8 21.
Qh4+ f6 22. Qxh6 Rg8 23. e5 dxe5 24. Ne4 Rf8 25. Qh4 axb3 26. axb3 c6 27. c5 Rf7
28. Nd6 Rf8 29. d4 exd4 30. Qxd4 h5 31. Nxb7 Kf7 32. Rg1 Re8+ 33. Kd3 Re7 34.
Qa4 Rxb7 35. Qxc6 Qd8+ 36. Kc4 Rc7 37. Qe6+ Kf8 38. Rg8# 1-0

[Event "Challenge"]
[Site "http://www.queenalice.com/game.php?id=1637593"]
[Date "2020.12.25"]
[Round "-"]
[White "vivoferreira"]
[Black "Nikita"]
[Result "0-1"]
[WhiteElo "1262"]
[BlackElo "1433"]

1. e4 e5 2. Nf3 d6 3. d4 Bg4 4. Be2 Bxf3 5. Bxf3 exd4 6. Qxd4 c5 7. Qd5 Nc6 8.
Nc3 Nf6 9. Qd1 g6 10. O-O Nd4 11. Be3 Nxf3+ 12. Qxf3 h5 13. Bg5 Be7 14. Nd5 Nxd5
15. Bxe7 Nxe7 16. c3 d5 17. exd5 Nxd5 18. Rad1 O-O 19. Rxd5 Qa5 20. Qg3 Qxa2 21.
Rxc5 Qxb2 22. Qd3 Rad8 23. Qc4 b6 24. Rd5 Rxd5 25. Qxd5 Qxc3 26. Rd1 Rc8 27. g3
Rc5 28. Qa8+ Rc8 29. Qxa7 Qc2 0-1

[Event "Challenge"]
[Site "http://www.queenalice.com/game.php?id=1637594"]
[Date "2020.12.25"]
[Round "-"]
[White "Nikita"]
[Black "vivoferreira"]
[Result "1-0"]
[WhiteElo "1439"]
[BlackElo "1360"]

1. d4 f5 2. Nf3 d5 3. Nc3 h6 4. e3 Nf6 5. Ne5 Bd7 6. Nxd7 Nbxd7 7. Bb5 g5 8.
Bxd7+ Nxd7 9. a4 e6 10. b3 Bg7 11. Qh5+ Ke7 12. h4 c6 13. g4 c5 14. gxf5 cxd4
15. fxe6 Nf6 16. Qg6 Rg8 17. Qf7+ Kd6 18. Nb5+ Kc6 19. e7 Qe8 20. Qe6+ Kc5 21.
Ba3# 1-0

[Event "Challenge"]
[Site "http://www.queenalice.com/game.php?id=1641229"]
[Date "2021.1.23"]
[Round "-"]
[White "Nikita"]
[Black "dejami"]
[Result "0-1"]
[WhiteElo "1443"]
[BlackElo "1598"]

1. e4 e5 2. Nf3 Qf6 3. d3 h6 4. Nc3 c6 5. h4 d6 6. a4 Bg4 7. Be2 Bxf3 8. Bxf3
Ne7 9. b3 d5 10. exd5 e4 11. Bb2 exf3 12. gxf3 Qg6 13. d6 Nf5 14. Ne4 Bxd6 15.
Nxd6+ Qxd6 16. Rg1 Rg8 17. Ba3 Qh2 18. Ke2 Kd8 19. c4 Re8+ 20. Kf1 Nd7 21. d4
Qh3+ 22. Rg2 Nxh4 23. Qe2 Rxe2 24. Kxe2 Qxf3+ 25. Kf1 Qxg2+ 26. Ke2 Kc7 27. Rd1
Re8+ 28. Kd3 Qf3+ 29. Kc2 Re2+ 30. Rd2 Qe4+ 31. Kd1 Re1# 0-1

[Event "Challenge"]
[Site "http://www.queenalice.com/game.php?id=1641230"]
[Date "2021.1.23"]
[Round "-"]
[White "Nikita"]
[Black "dejami"]
[Result "0-1"]
[WhiteElo "1452"]
[BlackElo "1635"]

1. e4 e5 2. Nc3 c6 3. d3 d6 4. Nf3 Bg4 5. Bg5 f6 6. Bh4 g5 7. h3 Bxf3 8. gxf3
gxh4 9. a4 Bh6 10. b4 Qb6 11. Rb1 Qd4 12. Rb3 Ne7 13. Ne2 Qb6 14. a5 Qc7 15. Qa1
Nd7 16. Nc3 Nf8 17. b5 Nfg6 18. bxc6 Nxc6 19. Nb5 Qd7 20. c4 a6 21. Na3 Nxa5 22.
Rb1 Qd8 23. Rd1 Nb3 24. Qb1 Nc5 25. d4 Qa5+ 26. Rd2 Qxd2# 0-1

[Event "Let's Play I-1"]
[Site "http://www.queenalice.com/game.php?id=1761024"]
[Date "2021.5.31"]
[Round "-"]
[White "Rider"]
[Black "Nikita"]
[Result "0-1"]
[WhiteElo "1562"]
[BlackElo "1434"]

1. e4 e5 2. d4 Qf6 3. d5 Bc5 4. f3 Bxg1 5. Rxg1 d6 6. Bc4 c6 7. dxc6 Nxc6 8. Qd5
Be6 9. Qd3 Nd4 10. Bxe6 fxe6 11. c3 Rc8 12. Kf2 Nc6 13. Qxd6 Rd8 14. Qc7 Qh4+
15. Kf1 Rd1+ 16. Ke2 Rxg1 17. Be3 Qe1+ 18. Kd3 Qd1+ 19. Kc4 Na5+ 20. Qxa5 Qe2+
21. Kb3 Qxe3 22. Qb5+ Kd8 23. Qa5+ Qb6+ 24. Qxb6+ axb6 25. a4 Rxg2 26. h4 Ne7
27. Na3 Rf8 28. Rf1 Rf4 29. Nc4 Ng6 30. Nxb6 Nxh4 31. Nc4 Nxf3 32. Ne3 Nd2+ 33.
Kb4 Nxf1 34. Nxg2 Rxe4+ 35. c4 Ne3 36. Ne1 Rxc4+ 37. Kb3 h5 38. Nd3 h4 39. Nxe5
Re4 40. Nf3 Nf1 41. Ng5 Re3+ 42. Kb4 h3 43. Nxh3 Rxh3 44. Kb5 Rb3+ 45. Kc4 Rxb2
46. Kc3 Rh2 47. Kd3 g5 48. Ke4 g4 49. Ke5 g3 50. Kxe6 g2 51. a5 g1=Q 52. Ke5
Qe3+ 53. Kd5 Rd2+ 54. Kc4 Qd4+ 55. Kb5 Rb2# 0-1

[Event "Let's Play Chess!"]
[Site "http://www.queenalice.com/game.php?id=1763253"]
[Date "2021.6.29"]
[Round "-"]
[White "charles31"]
[Black "Nikita"]
[Result "1-0"]
[WhiteElo "1690"]
[BlackElo "1442"]

1. e4 e5 2. Nf3 d6 3. h3 Nf6 4. Nc3 Nc6 5. Bb5 d5 6. exd5 Bd7 7. dxc6 bxc6 8.
Ba4 e4 9. Nh2 Bb4 10. O-O Bxc3 11. dxc3 Nd5 12. Qd4 f6 13. Qxe4+ Qe7 14. Qxe7+
Nxe7 15. Bf4 Rb8 16. Bb3 Rb7 17. Rfe1 g5 18. Bg3 h5 19. Re3 h4 20. Bxh4 gxh4 21.
Rae1 a5 22. Rxe7+ Kd8 23. Rf7 a4 24. Bxa4 Rxb2 25. Bb3 Re8 26. Rd1 Kc8 27. Rdxd7
Rb1+ 28. Nf1 Ree1 29. Rxc7+ Kd8 30. Bc4 Re4 31. Rfd7+ Ke8 32. Bf7+ Kf8 33. Rc8+
Kg7 34. Bd5+ Re7 35. Rxe7+ Kg6 36. Be4+ f5 37. Bf3 Kf6 38. Rec7 Ke6 39. Rxc6+
Kd7 40. R8c7+ Kd8 41. Ra7 Rb8 42. Rh6 1-0

[Event "Let's Play Chess!"]
[Site "http://www.queenalice.com/game.php?id=1763624"]
[Date "2021.7.3"]
[Round "-"]
[White "Olavio"]
[Black "Nikita"]
[Result "1-0"]
[WhiteElo "1930"]
[BlackElo "1436"]

1. e4 e5 2. Nf3 d6 3. Bc4 Bg4 4. d3 Bxf3 5. Qxf3 f6 6. O-O Nc6 7. Bxg8 Rxg8 8.
Qh5+ Kd7 9. Qxh7 Be7 10. Qf5+ Ke8 11. f4 g6 12. Qe6 Kf8 13. fxe5 Rh8 14. exf6
Ke8 15. fxe7 Qxe7 16. Qxg6+ Kd8 17. Bg5 Ne5 18. Bxe7+ Kxe7 19. Qg5+ Kd7 20. Nc3
Rhg8 21. Rf7+ Nxf7 22. Qf5+ Ke7 23. Nd5+ Kf8 24. Rf1 Rg7 25. Nxc7 Re8 26. Ne6+
Rxe6 27. Qxe6 a5 28. Qf6 d5 29. Qd8# 1-0

[Event "Let's Play I-15"]
[Site "http://www.queenalice.com/game.php?id=1766032"]
[Date "2021.8.6"]
[Round "-"]
[White "Rider"]
[Black "Nikita"]
[Result "0-1"]
[WhiteElo "1553"]
[BlackElo "1455"]

1. e4 e5 2. d4 Bb4+ 3. c3 Ba5 4. b4 Bb6 5. dxe5 Qh4 6. Qf3 d6 7. Bc4 Be6 8. Bxe6
fxe6 9. Be3 Bxe3 10. Qxe3 dxe5 11. g3 Qe7 12. Ne2 Nc6 13. O-O Nf6 14. f3 a5 15.
b5 Na7 16. c4 h5 17. a4 c6 18. b6 Nc8 19. c5 h4 20. g4 Nd7 21. Rc1 Rf8 22. h3 g6
23. Nd2 g5 24. Nc4 Nxc5 25. Nxe5 Qf6 26. Rxc5 Nxb6 27. Nd4 Nd5 28. Nc4 Nxe3 29.
Nd6+ Kd7 30. e5 Qf4 31. Kf2 Qxd4 32. Ne4 Qxa1 33. Kxe3 Qa3+ 34. Rc3 Qxa4 35.
Rd3+ Kc7 36. Ke2 Qc4 37. Ke3 Rxf3+ 38. Kxf3 Qxd3+ 39. Kf2 Qxe4 0-1

[Event "Let's Play Chess!"]
[Site "http://www.queenalice.com/game.php?id=1767117"]
[Date "2021.8.17"]
[Round "-"]
[White "charles31"]
[Black "Nikita"]
[Result "1-0"]
[WhiteElo "1686"]
[BlackElo "1475"]

1. e4 e5 2. Nf3 d6 3. h3 Nf6 4. Nc3 Nc6 5. Bb5 d5 6. exd5 Nxd5 7. Nxd5 Qxd5 8.
Bxc6+ bxc6 9. d3 e4 10. Qe2 Kd8 11. Qxe4 Qxe4+ 12. dxe4 Bb4+ 13. c3 Ba5 14. Ne5
Rf8 15. Nxc6+ Kd7 16. Nxa5 Re8 17. f3 f5 18. Bf4 fxe4 19. Rd1+ Ke6 20. fxe4 Rb8
21. b4 Kf6 22. Bxc7 Rxe4+ 23. Kf2 Rb5 24. a4 Rf5+ 25. Kg3 Re3+ 26. Kh2 Rf2 27.
Kg1 Rc2 28. Bb8 Rcxc3 29. Rd2 Ra3 30. Bxa7 Re1+ 31. Kh2 Re7 32. Bc5 Rc7 33. Rf1+
Kg6 34. Rd6+ Kg5 35. Bb6 Rcc3 36. Bd8+ Kh5 37. g4+ Bxg4 38. Rd5+ Kh6 39. hxg4
Rh3+ 40. Kg2 Rag3+ 41. Kf2 Rxg4 42. Ke2 Re4+ 43. Kd2 Rh2+ 44. Kc3 Rh3+ 45. Rd3
Rh5 46. Rg1 Re6 47. Nc4 Rc6 48. b5 Re6 49. b6 Rc6 50. a5 Rc8 51. Bc7 Rh4 52. Kb3
Re8 53. Rg2 Ree4 54. Rc2 Re8 55. Nd6 Rf8 56. Rc4 Rh5 57. b7 Rf1 58. a6 Rb1+ 59.
Kc2 Rhh1 60. b8=Q Rbc1+ 61. Kd2 Rcd1+ 62. Kc3 Rc1+ 63. Kb4 Rb1+ 64. Kc5 Rbg1 65.
Rd5 g5 66. Qg8 Rg3 67. Nf7+ Kh5 68. Qxh7# 1-0

[Event "Let's Play Chess!"]
[Site "http://www.queenalice.com/game.php?id=1774761"]
[Date "2021.11.15"]
[Round "-"]
[White "Derik_vd_Heever"]
[Black "Nikita"]
[Result "1-0"]
[WhiteElo "1467"]
[BlackElo "1477"]

1. e4 e5 2. Nf3 Qf6 3. Nc3 Bb4 4. Nd5 Qd6 5. Bc4 Nc6 6. O-O Nf6 7. c3 Bc5 8. d3
Nxd5 9. Bxd5 h5 10. d4 exd4 11. cxd4 Bb4 12. a3 Ba5 13. Ng5 Rf8 14. Qxh5 g6 15.
Qh7 Nd8 16. Qg7 c6 17. Nh7 Qe7 18. Bg5 f6 19. Qxg6+ Nf7 20. Bxf6 Qd6 21. Rad1
Bd8 22. Qf5 Nh6 23. Qg6+ 1-0

[Event "Challenge"]
[Site "http://www.queenalice.com/game.php?id=1775614"]
[Date "2021.11.24"]
[Round "-"]
[White "Nikita"]
[Black "crisvolei"]
[Result "0-1"]
[WhiteElo "1467"]
[BlackElo "1559"]

1. e3 e5 2. Bc4 Nh6 3. Nf3 e4 4. Ne5 Qf6 5. Qh5 d6 6. Nxf7 g6 7. Qb5+ c6 8. Qb3
d5 9. Nxh8 dxc4 10. Qxc4 Be6 11. Qxe4 Bg7 12. Nxg6 Nd7 13. Nf4 Nc5 14. Qb4 b6
15. Qd4 Qg5 16. Qd6 Bd7 17. h4 Qg4 18. f3 Qg3+ 19. Kf1 Nf5 20. Qc7 Nxh4 21. Rg1
Bh3 22. Nxh3 Qxc7 23. a4 Qg3 24. a5 Nxg2 25. Ke2 Qxh3 26. Kf2 O-O-O 27. Rxg2 Rf8
28. f4 Ne4+ 29. Kg1 Qf3 30. axb6 Kb7 31. Rxg7+ Kxb6 32. d3 Qf2+ 33. Kh1 Ng3+ 34.
Rxg3 Qxg3 35. Bd2 Qf3+ 36. Kh2 Rg8 37. Ba5+ Kb7 38. Nd2 Qg2# 0-1

[Event "Challenge"]
[Site "http://www.queenalice.com/game.php?id=1775615"]
[Date "2021.11.24"]
[Round "-"]
[White "crisvolei"]
[Black "Nikita"]
[Result "0-1"]
[WhiteElo "1606"]
[BlackElo "1455"]

1. e4 e5 2. Nf3 Bc5 3. Nxe5 Qf6 4. d4 Bb6 5. h4 d6 6. Bb5+ c6 7. Bc4 dxe5 8. Bg5
Qd6 9. c3 exd4 10. g3 h5 11. Qf3 f6 12. b4 Bg4 13. Qf4 Qxf4 14. Bxf4 Nd7 15. Bd6
dxc3 16. Nxc3 Bf3 17. Rh2 Bd4 18. Rc1 Bxc3+ 19. Rxc3 Bxe4 20. Re3 f5 21. f3 Nb6
22. Bd3 Nd5 23. fxe4 Nxe3 24. exf5 Rd8 25. Re2 Rxd6 26. Rxe3+ Ne7 27. Ke2 Rf8
28. a4 Kd8 29. b5 Nxf5 30. Bxf5 Rxf5 31. bxc6 bxc6 32. g4 hxg4 33. Rg3 Re6+ 34.
Kd3 Rd5+ 35. Kc3 Ra5 36. Kb4 Rae5 37. Rd3+ Kc7 38. Kc4 Re4+ 39. Kb3 Re3 40. Rxe3
Rxe3+ 41. Kc4 g3 42. Kd4 Re8 43. a5 g2 44. h5 g1=Q+ 45. Kc4 Qg4+ 46. Kc5 Qxh5+
47. Kb4 Re4+ 48. Kc3 Qh3+ 49. Kd2 Qe3+ 50. Kc2 Rh4 0-1